书目信息 |
| 题名: |
中国姓氏大全
|
|
| 作者: | 陈明远 , 汪宗虎 编著 | |
| 分册: | ||
| 出版信息: | 北京 北京出版社 1987 |
|
| 页数: | 477页 | |
| 开本: | 19cm | |
| 丛书名: | ||
| 单 册: | ||
| 中图分类: | K82-61 , K810.2 | |
| 科图分类: | ||
| 主题词: | 姓氏--中国--词典 , 传记--研究 , 传记--写作 | |
| 电子资源: | ||
| ISBN: | 7-200-00122-8 | |
| 000 | 00786nam0 2200289 45 | |
| 001 | 0187009069 | |
| 005 | 20040510164440.6 | |
| 010 | @a7-200-00122-8@dCNY3.40 | |
| 100 | @a19900912d1987 emky0chiy0121 ea | |
| 101 | 0 | @achi |
| 102 | @aCN@b110000 | |
| 105 | @ay e 000yy | |
| 106 | @ar | |
| 200 | 10 | @a中国姓氏大全@Azhong guo xing shi da quan@f陈明远, 汪宗虎编著 |
| 210 | @a北京@c北京出版社@d1987 | |
| 215 | @a477页@d19cm | |
| 300 | @a附录: 中国姓氏学发凡 | |
| 606 | @a姓氏@y中国@x词典 | |
| 606 | 0 | @a传记@x研究 |
| 606 | 0 | @a传记@x写作 |
| 690 | @aK82-61@v3 | |
| 690 | @aK810.2 | |
| 701 | 0 | @a陈明远@Achen ming yuan@4编著 |
| 701 | 0 | @a汪宗虎@Awang zong hu@4编著 |
| 801 | 0 | @aCN@b深圳图书馆@c20040510 |
| 801 | 2 | @aCN@bNLC@c20040510 |
| 905 | @f2@b216384-385@dK810.2@e5 | |
| 中国姓氏大全/陈明远, 汪宗虎编著.-北京:北京出版社,1987 |
| 477页;19cm |
| 附录: 中国姓氏学发凡 |
| ISBN 7-200-00122-8:CNY3.40 |
| ● |
| 相关链接 |
|
|
|
|
正题名:中国姓氏大全
索取号:K810.2/5
 
预约/预借
| 序号 | 登录号 | 条形码 | 馆藏地/架位号 | 状态 | 备注 |
| 1 | 0216384 | 001415141 | 第二借阅区/ [索取号:K810.2/5] | 在馆 | |
| 2 | 0216385 | 001415150 | 第二借阅区/ [索取号:K810.2/5] | 在馆 | |
| 3 | 0216386 | 001415114 | 第二样本阅览室/ [索取号:K810.2/5] | 在馆 |